Antígona : edipo rey /

Guardado en:
Autor Principal: Sófocles
Formato: Libro
Publicado: Buenos Aires : Cántaro, 1998
Series:Código; 103.
Materias:
Etiquetas: Agregar Etiqueta
Sin Etiquetas, Sea el primero en etiquetar este registro!
LEADER 01781nam a22003255a 4500
001 CEM.cems010364
008 130507s1998##################000#0#####d
005 20251022084747.0
245 1 0 |a Antígona :  |b edipo rey /  |c Sófocles. 
260 |a Buenos Aires :  |b Cántaro,  |c 1998 
300 |a 151 p. 
490 0 |a Código; 103. 
505 0 |a Breves referencias al origen y desarrollo del teatro griego -- Acerca de los actores -- ¿Cómo era el local teatral? -- La estructura de las obras del teatro griego -- Hablemos de la tragedia -- Sobre héroes y dioses -- Antígona y su pre historia o quién es quién -- La Obra -- Antígona -- Edipo Rey -- Actividades generales -- Actividades relacionadas con Antígona -- Actividades relacionadas con Edipo Rey -- Cronología de la literatura griega en el siglo V a.C. -- Sobre oráculos, adivinos y parcas -- Imágenes de los teatros griegos. 
020 |a 950753007X 
100 1 |a Sófocles 
082 0 4 |a 882 
653 |a Literatura 
653 |a Literatura griega 
653 |a Teatro 
653 |a Teatro griego 
859 |a CEMS  |b BIB. CEMS - Agricultura  |h 882  |i So23  |p A4022.25  |t Ej.1 
859 |a CEMS  |b BIB. CEMS - 11 de abril  |h 882  |i So23-6  |p 20934.00  |t Ej.1 
859 |a CEMS  |b BIB. CEMS - Agricultura  |h 882  |i So23  |p A4023.25  |t Ej.2 
859 |a CEMS  |b BIB. CEMS - 11 de abril  |h 882  |i So23-6  |p 21337.01  |t Ej.2 
859 |a CEMS  |b BIB. CEMS - Agricultura  |h 882  |i So23  |p A4024.25  |t Ej.3 
859 |a CEMS  |b BIB. CEMS - 11 de abril  |h 882  |i So23-6  |p 21338.01  |t Ej.3 
859 |a CEMS  |b BIB. CEMS - Agricultura  |h 882  |i So23  |p A4025.25  |t Ej.4 
859 |a CEMS  |b BIB. CEMS - 11 de abril  |h 882  |i So23-6  |p 21339.01  |t Ej.4 
859 |a CEMS  |b BIB. CEMS - Agricultura  |h 882  |i So23  |p A4026.25  |t Ej.5 
859 |a CEMS  |b BIB. CEMS - 11 de abril  |h 882  |i So23-6  |p 25919.10  |t Ej.5